000 00537nam a22001697a 4500
005 20171120153410.0
010 _aENG-121511
020 _c199.00
035 _aEN-105043
037 _bDBAD/PUB
082 _a881
245 _aFrom autumn to spring :
_ceditied and compiler by Rishabh Pandey
_ba poetry anthology /
260 _aNew Delhi
_bTurquoise Publication
_c2017
270 _aUrdu Ghar, Pt. Deen Dayal Upadhyaye Marg.
_bNew Delhi
_e110002
300 _a109p. :
_c24cm(pbk)
_bill.
942 _2ddc
_cEN
_h881
_mFRO
999 _c147592
_d147592